| 000 | 00801nmc a2200277 a 4500 | ||
|---|---|---|---|
| 003 | AR-BaBNM | ||
| 005 | 20251128204208.0 | ||
| 008 | 215019s1993 ||||||||||||||000 | spa|| | ||
| 020 | _a950-852-017-5 | ||
| 040 | _cAR-BaBNM | ||
| 100 | 1 | _aMenéndez Pidal, Ramón | |
| 245 | 1 | 0 | _aFlor nueva de romances viejos |
| 260 |
_aBuenos Aires _bEspasa-Calpe _c1993 |
||
| 300 | 0 | _a262 p. | |
| 490 | 0 | _aAustral. Biblioteca de literatura hispanoamericana | |
| 500 | 0 | _aContiene algunas melodías recogidas por el señor Torner que pueden aplicarse a cualquiera de los romances | |
| 650 | 4 | _aLITERATURA ESPANOLA | |
| 653 | 0 | _aEPICA | |
| 653 | 0 | _aROMANCERO | |
| 653 | 0 | _aLIRICA | |
| 653 | 0 | _aROMANCES | |
| 653 | 0 | _aLITERATURA CABALLERESCA | |
| 655 | _aLITERATURA | ||
| 942 | _cBK | ||
| 998 | _cCarmen | ||
| 999 |
_c6555 _d6555 |
||